Three-Word Movie Quotes Quiz Stats

 Plays Quiz Updated Oct 20, 2014

Score 0/24 Timer 07:00
2 Plays Today
Quote Movie % Correct
I'll be back.The Terminator
88.8%
This is Sparta!300
78.8%
That's my stapler.Office Space
67.6%
Party on, Garth!Wayne's World
66%
That'll do, pig.Babe
59.8%
He slimed me.Ghostbusters
58.2%
I love lamp.Anchorman: The Legend of Ron Burgundy
58.1%
One million dollars!Austin Powers: International Man of Mystery
55.7%
All righty then!Ace Ventura: Pet Detective
55.1%
You complete me.Jerry Maguire
49.5%
Sloth love Chunk!The Goonies
48.2%
As you wish.The Princess Bride
41.2%
Quote Movie % Correct
Tap it in!Happy Gilmore
40.7%
Stella! Hey Stella!A Streetcar Named Desire
40.6%
Be the ball.Caddyshack
22.2%
I Got Worms.Dumb and Dumber
19.9%
We rob banks.Bonnie and Clyde
19.5%
I'm your huckleberry.Tombstone
17.7%
I'm walking here!Midnight Cowboy
15.3%
Aloha, Mr. Hand.Fast Times at Ridgemont High
14.4%
One ping only.The Hunt for Red October
13.3%
Game over, man!Aliens
13.2%
Well, nobody's perfect.Some Like It Hot
12.2%
Follow the money.All the President's Men
8.5%

You're not logged in!

Compare scores with friends on all Sporcle quizzes.
OR
Log In

Sporcle TV

Today on Sporcle TV


Watch our educational content, quiz creation guides, and fun videos on Sporcle TV.

Show Comments

Extras

Top Quizzes Today


Score Distribution

Your Account Isn't Verified!

In order to create a playlist on Sporcle, you need to verify the email address you used during registration. Go to your Sporcle Settings to finish the process.

Report this User

Report this user for behavior that violates our Community Guidelines.

Details: